Foods - Statistics

General Stats
  • This quiz has been taken 48 times
  • The average score is 13 of 16
Answer Stats
Picture Answer % Correct
Ice cream
98%
Apples
88%
Carrots
88%
Pop corn
88%
Pears
86%
Strawberries
86%
Hamburger
84%
Watermelon
79%
Blueberries
77%
Eggs
74%
Lemons
74%
Peaches
74%
Oranges
67%
Avocados
65%
Broccoli
63%
Croissants
58%
No matching quizzes found
Score Distribution
Percent of People with Each Score
Percentile by Number Answered
Your Score History
You have not taken this quiz